[Event "Foment Martinenc op-C 16th"]
[Site "Barcelona"]
[Date "2014.06.14"]
[Round "8"]
[White "Salvador Gomez, Jesus Francico"]
[Black "Farell Duran, Josep"]
[Result "1-0"]
[WhiteElo "1700"]
[BlackElo "1777"]
[PlyCount "29"]
[EventDate "2014.04.26"]
[EventType "swiss"]
[EventRounds "9"]
[EventCountry "ESP"]
[SourceTitle "EXT 2015"]
[Source "ChessBase"]
[SourceDate "2014.11.20"]
[SourceVersion "1"]
[SourceVersionDate "2014.11.20"]
[SourceQuality "1"]

1. e4 g6 2. Nc3 Bg7 3. d4 d6 4. Be2 Nf6 5. Be3 0-0 6. Qd2 Nbd7 7. h4 c5 8. h5 cxd4 9. Bxd4 Nxh5 10. Bxg7 Nxg7 11. Qh6 Nf6 12. Nd5 Nfh5 13. Bxh5 Qa5+ 14. c3 Nxh5 15. Nxe7+ 1-0

[Event "Foment Martinenc op-C 16th"]
[Site "Barcelona"]
[Date "2014.05.10"]
[Round "3"]
[White "Salvador Gomez, Jesus Francico"]
[Black "Villodres Rubio, Adrian"]
[Result "1-0"]
[WhiteElo "1700"]
[BlackElo "1776"]
[PlyCount "117"]
[EventDate "2014.04.26"]
[EventType "swiss"]
[EventRounds "9"]
[EventCountry "ESP"]
[SourceTitle "EXT 2015"]
[Source "ChessBase"]
[SourceDate "2014.11.20"]
[SourceVersion "1"]
[SourceVersionDate "2014.11.20"]
[SourceQuality "1"]

1. e4 c5 2. Nf3 Nc6 3. d4 cxd4 4. Nxd4 g6 5. Be2 Bg7 6. c3 Nf6 7. Bf3 0-0 8. 0-0 d5 9. Nxc6 bxc6 10. exd5 cxd5 11. Be3 a6 12. Nd2 Rb8 13. Nb3 Bf5 14. Re1 Re8 15. Bd4 e6 16. Be5 Rc8 17. Nd4 Be4 18. Qd2 Bxf3 19. Nxf3 Ng4 20. Qf4 Nxe5 21. Nxe5 Qf6 22. Qg3 Red8 23. Rad1 a5 24. Rd4 Qf5 25. Rd3 Bxe5 26. Rxe5 Qf6 27. h4 Re8 28. h5 Qg7 29. hxg6 fxg6 30. Rde3 Qf6 31. Qg4 Rc6 32. Qa4 Rec8 33. Qxa5 d4 34. Rg3 Qh4 35. Rh3 Qf4 36. Qa7 R8c7 37. Qxd4 Qxd4 38. cxd4 Rc2 39. Rb5 Rd7 40. Rd3 Kf7 41. a4 Rdc7 42. a5 Rc1+ 43. Kh2 Ra1 44. b4 Ra2 45. Kg3 Rac2 46. f4 R7c6 47. Kf3 Ke7 48. g4 h5 49. gxh5 gxh5 50. Rxh5 R6c4 51. Rh7+ Kd6 52. Ra7 Rxb4 53. Ke4 Rb5 54. Rh3 Kc6 55. Ra6+ Kb7 56. Rb6+ Rxb6 57. axb6 Kxb6 58. Rh6 Kc6 59. Rxe6+ 1-0